000 00478nam a2200169Ia 4500
003 GCL
008 140319s9999 xx 000 0 ara d
040 _aGCL /
_cGCL
082 0 4 _a413
_bا م
100 1 _aاديب اللجمنى
245 1 0 _aالمحيط معجم اللغة العربية /
_cاديب اللجمنى
700 1 _aشحادة الخورى
490 _a100 قصة
_v0
650 0 4 _aاللغة العربية
650 0 4 _aالمعاجم
942 _2ddc
_cBK
999 _c45304
_d45304